The European Court of Human Rights, 1998-2006 : (Record no. 400)
[ view plain ]
| 000 -LEADER | |
|---|---|
| fixed length control field | 01448cam a2200349 a 4500 |
| 005 - DATE AND TIME OF LATEST TRANSACTION | |
| control field | 20100726125122.0 |
| 008 - FIXED-LENGTH DATA ELEMENTS--GENERAL INFORMATION | |
| fixed length control field | 070417s2006 gw b 000 0 eng c |
| 019 ## - | |
| -- | 493762383 |
| 020 ## - INTERNATIONAL STANDARD BOOK NUMBER | |
| International Standard Book Number | 3883571377 |
| 020 ## - INTERNATIONAL STANDARD BOOK NUMBER | |
| International Standard Book Number | 9783883571379 |
| 035 ## - SYSTEM CONTROL NUMBER | |
| System control number | (OCoLC)143902364 |
| Canceled/invalid control number | (OCoLC)493762383 |
| 043 ## - GEOGRAPHIC AREA CODE | |
| Geographic area code | e------ |
| 050 #4 - LIBRARY OF CONGRESS CALL NUMBER | |
| Classification number | KJC5138 |
| Item number | .W55 2006 |
| 084 ## - OTHER CLASSIFICATION NUMBER | |
| Classification number | 86.81 |
| Source of number | bcl |
| 084 ## - OTHER CLASSIFICATION NUMBER | |
| Classification number | PS 4140 |
| Source of number | rvk |
| 100 1# - MAIN ENTRY--PERSONAL NAME | |
| Personal name | Wildhaber, Luzius. |
| 245 14 - TITLE STATEMENT | |
| Title | The European Court of Human Rights, 1998-2006 : |
| Remainder of title | history, achievements, reform / |
| Statement of responsibility, etc | Luzius Wildhaber. |
| 246 18 - VARYING FORM OF TITLE | |
| Title proper/short title | EurCourtHR, 1998-2006 |
| 260 ## - PUBLICATION, DISTRIBUTION, ETC. (IMPRINT) | |
| Place of publication, distribution, etc | Kehl : |
| Name of publisher, distributor, etc | N.P. Engel, |
| Date of publication, distribution, etc | 2006. |
| 300 ## - PHYSICAL DESCRIPTION | |
| Extent | vi, 304 p. ; |
| Dimensions | 24 cm. |
| 504 ## - BIBLIOGRAPHY, ETC. NOTE | |
| Bibliography, etc | Includes bibliographical references. |
| 610 20 - SUBJECT ADDED ENTRY--CORPORATE NAME | |
| Corporate name or jurisdiction name as entry element | European Court of Human Rights |
| General subdivision | History. |
| 650 #0 - SUBJECT ADDED ENTRY--TOPICAL TERM | |
| Topical term or geographic name as entry element | Human rights |
| Geographic subdivision | Europe. |
| 650 17 - SUBJECT ADDED ENTRY--TOPICAL TERM | |
| Topical term or geographic name as entry element | Europese Hof voor de Rechten van de Mens. |
| Source of heading or term | gtt |
| 650 17 - SUBJECT ADDED ENTRY--TOPICAL TERM | |
| Topical term or geographic name as entry element | Gerechtshoven. |
| Source of heading or term | gtt |
| 650 17 - SUBJECT ADDED ENTRY--TOPICAL TERM | |
| Topical term or geographic name as entry element | Rechtspleging. |
| Source of heading or term | gtt |
| 651 #7 - SUBJECT ADDED ENTRY--GEOGRAPHIC NAME | |
| Geographic name | Europa (geografie) |
| Source of heading or term | gtt |
| 610 27 - SUBJECT ADDED ENTRY--CORPORATE NAME | |
| Corporate name or jurisdiction name as entry element | Europäischer Gerichtshof für Menschenrechte. |
| Source of heading or term | swd |
| 610 27 - SUBJECT ADDED ENTRY--CORPORATE NAME | |
| Corporate name or jurisdiction name as entry element | Cour européenne des droits de l'homme |
| General subdivision | Histoire. |
| Source of heading or term | ram |
| 856 41 - ELECTRONIC LOCATION AND ACCESS | |
| Materials specified | Table of contents |
| Uniform Resource Identifier | <a href="http://bvbr.bib-bvb.de:8991/F?func=service&doc_library=BVB01&doc_number=015640042&line_number=0001&func_code=DB_RECORDS&service_type=MEDIA">http://bvbr.bib-bvb.de:8991/F?func=service&doc_library=BVB01&doc_number=015640042&line_number=0001&func_code=DB_RECORDS&service_type=MEDIA</a> |
| Home library | Current library | Shelving location | Date acquired | Full call number | Barcode | Koha item type |
|---|---|---|---|---|---|---|
| African Court on Human and Peoples' Rights Library | African Court on Human and Peoples' Rights Library | 15/12/2010 | KJC5138 .W554 | 10010297 | Books |
